00545 2200205 4500001002100000005001700021008004100038035002400079082001200103090002000115245003900135250001100174260004500185300002800230650003000258850001500288980001500303985000600318999001500324YOGYA-0209000004123820090227025741.0 ind  0010-020900000041238 a351.085 a351.085bEmplQ a45 TAHUN Departemen Pekerjaan Umum aCet. 1 aJakartabDepartemen Pekerjaan Umumc1990 ax, 408 hlmbilusc29 cm aDepartemen Pekerjaan Umum aYOPDYOG(B) a20-01-2008 a1 a07A0027630